Countries Closest to Lima - Statistics

General Stats
  • This quiz has been taken 103 times
  • The average score is 19 of 20
Answer Stats
Distance (km) Distance (mi) Country % Correct
510 317 Brazil
100%
995 618 Chile
100%
2,336 1,389 Costa Rica
100%
2,166 1,346 Panama
100%
1,836 1,141 Paraguay
100%
0 0 Peru
100%
2,836 1,762 Uruguay
100%
1,575 978 Argentina
99%
1,147 713 Colombia
99%
2,948 1,832 France / French Guiana
99%
1,850 1,150 Venezuela
99%
822 511 Bolivia
98%
808 502 Ecuador
98%
3,026 1,880 El Salvador
96%
2,981 1,852 Honduras
96%
2,451 1,523 Guyana
95%
2,630 1,634 Nicaragua
95%
2,736 1,700 Suriname
95%
2,960 1,839 Trinidad and Tobago
90%
2,814 1,749 Netherlands / Curaçao
84%
No matching quizzes found
Score Distribution
Percent of People with Each Score
Percentile by Number Answered
Your Score History
You have not taken this quiz